[Event "Bialystok Bieluczyk Memorial-B"]
[Site "Bialystok"]
[Date "2011.07.??"]
[Round "3"]
[White "Gierasimiuk, Jacek"]
[Black "Bernacki, Gabriel"]
[Result "0-1"]
[WhiteElo "1434"]
[BlackElo "1914"]
[PlyCount "38"]
[EventDate "2011.07.??"]
[EventType "swiss"]
[EventRounds "9"]
[EventCountry "POL"]
[SourceTitle "EXT 2014"]
[Source "ChessBase"]
[SourceDate "2013.11.20"]
[SourceVersion "1"]
[SourceVersionDate "2013.11.20"]
[SourceQuality "1"]

1. d4 d5 2. c4 c6 3. Nc3 Nf6 4. Nf3 e6 5. Bg5 dxc4 6. e4 b5 7. e5 h6 8. Bh4 g5 9. Nxg5 hxg5 10. Bxg5 Nbd7 11. exf6 Bb7 12. Qf3 Qb6 13. Qe3 0-0-0 14. Be2 c5 15. d5 exd5 16. Qf3 d4 17. Nd5 Qd6 18. Qf4 Bxd5 19. Bf3 Re8+ 0-1

[Event "Bialystok qual-B"]
[Site "Bialystok"]
[Date "2011.05.??"]
[Round "2"]
[White "Gierasimiuk, Jacek"]
[Black "Smolarczyk, Tomasz"]
[Result "0-1"]
[WhiteElo "1434"]
[BlackElo "1564"]
[PlyCount "96"]
[EventDate "2011.05.??"]
[EventType "swiss"]
[EventRounds "9"]
[EventCountry "POL"]
[SourceTitle "EXT 2014"]
[Source "ChessBase"]
[SourceDate "2013.11.20"]
[SourceVersion "1"]
[SourceVersionDate "2013.11.20"]
[SourceQuality "1"]

1. d4 Nf6 2. c4 e6 3. Nc3 Bb4 4. Qc2 b6 5. a3 Bxc3+ 6. Qxc3 Ne4 7. Qb3 Bb7 8. Nf3 0-0 9. Bf4 d6 10. e3 Nd7 11. Bd3 f5 12. Rc1 Kh8 13. c5 e5 14. dxe5 Ndxc5 15. Qd1 Nxd3+ 16. Qxd3 Nc5 17. Qd1 Bxf3 18. gxf3 dxe5 19. Bxe5 Nd3+ 20. Ke2 Nxc1+ 21. Qxc1 c5 22. Qc3 Rf7 23. Rg1 Qd7 24. e4 Re8 25. h4 Qe7 26. f4 h6 27. Rg6 Kh7 28. h5 fxe4 29. Qc2 Qh4 30. Rg3 Qxh5+ 31. Kf1 Qh1+ 32. Ke2 Qh5+ 33. Kf1 Rxe5 34. fxe5 Qxe5 35. Re3 Rf4 36. Ke2 Qf5 37. f3 exf3+ 38. Kd2 Qxc2+ 39. Kxc2 f2 40. b4 cxb4 41. axb4 f1Q 42. b5 Rc4+ 43. Kb2 Qc1+ 44. Ka2 Ra4+ 45. Kb3 Ra3+ 46. Kb4 Qxe3 47. Kc4 Qd3+ 48. Kb4 Qc3# 0-1

[Event "POL-ch U14"]
[Site "Bialystok"]
[Date "2011.01.24"]
[Round "8.1"]
[White "Gierasimiuk, Jacek"]
[Black "Szostko, Jakub"]
[Result "0-1"]
[WhiteElo "1462"]
[BlackElo "1472"]
[PlyCount "64"]
[EventDate "2011.01.24"]
[EventType "swiss"]
[EventRounds "9"]
[EventCountry "POL"]
[SourceTitle "EXT 2023"]
[Source "ChessBase"]
[SourceDate "2022.10.05"]
[SourceVersion "1"]
[SourceVersionDate "2022.10.05"]
[SourceQuality "1"]

1. d4 Nf6 2. c4 e6 3. Nc3 Bb4 4. Bd2 0-0 5. e3 b6 6. Nf3 Bb7 7. a3 Bxc3 8. Bxc3 d6 9. Bd3 Nbd7 10. 0-0 Qe7 11. b4 e5 12. d5 e4 13. Bc2 exf3 14. Qxf3 Ne5 15. Qe2 Rfe8 16. h3 c6 17. e4 Ned7 18. Rae1 cxd5 19. cxd5 Nxd5 20. Bb2 N5f6 21. f3 Rac8 22. Qd2 Ne5 23. Bxe5 dxe5 24. Rc1 Red8 25. Qe3 Ba6 26. Rfe1 Qd6 27. Red1 Qc7 28. Qe1 Rxd1 29. Qxd1 Qd7 30. Qe1 Qd4+ 31. Kh2 Qc3 32. Qd1 Bd3 0-1